000 00535nam a2200169Ia 4500
005 20250923145124.0
008 008 250917s9999 xx 000 0 eng d
037 _aTextual
040 _aDSWL
_beng
_cDSWL
041 _aeng
_2eng
084 _aY31-33.2'N63t, N66
_qDSWL
245 0 _aReport of the rural urban relationip
_cby of Govt of India
260 _aNew Delhi
_b Institute of Heath & Family Planning
_c1966
300 _a102 p.
942 _cTEXL
_hY31-33.2'N63t, N66
999 _c1447420
_d1447420